Southville International School and Colleges
Your cart is empty.
  • Cart
  • Lists
    Public lists Eva Luna New books Lux_list list_1
    Your lists Log in to create your own lists
  • Log in to your account
  • Your cookies
  • Search history
Southville International School and Colleges
  • Advanced search
  • Recent comments
  • Most popular
  • Libraries

Log in to your account

Log in with GOOGLE


If you do not have an external account, but do have a local account, you can still log in:

  1. Home
  2. MARC view: Cowl /
Normal view MARC view ISBD view

Cowl / (Record no. 10925)

[ view plain ]
MARC details
000 -LEADER
fixed length control field 01258cam a2200349 a 4500
001 - CONTROL NUMBER
control field 13808012
003 - CONTROL NUMBER IDENTIFIER
control field OSt
005 - DATE AND TIME OF LATEST TRANSACTION
control field 20140310182232.0
008 - FIXED-LENGTH DATA ELEMENTS--GENERAL INFORMATION
fixed length control field 041207s2005 nyu 000 1 eng
010 ## - LIBRARY OF CONGRESS CONTROL NUMBER
LC control number 2004062899
020 ## - INTERNATIONAL STANDARD BOOK NUMBER
International Standard Book Number 9780765314208
020 ## - INTERNATIONAL STANDARD BOOK NUMBER
International Standard Book Number 9780765352798
040 ## - CATALOGING SOURCE
Original cataloging agency DLC
Transcribing agency DLC
Modifying agency DLC
050 00 - LIBRARY OF CONGRESS CALL NUMBER
Classification number PR 6101.S54
Item number .As825 2006
082 00 - DEWEY DECIMAL CLASSIFICATION NUMBER
Classification number FIC
Item number As3c 2004
100 1# - MAIN ENTRY--PERSONAL NAME
Personal name Asher, Neal L.
Dates associated with a name 1961-
9 (RLIN) 17966
245 10 - TITLE STATEMENT
Title Cowl /
Statement of responsibility, etc Neal Asher.
250 ## - EDITION STATEMENT
Edition statement 1st U.S. ed.
260 ## - PUBLICATION, DISTRIBUTION, ETC. (IMPRINT)
Place of publication, distribution, etc New York :
Name of publisher, distributor, etc TOR,
Date of publication, distribution, etc c2006.
300 ## - PHYSICAL DESCRIPTION
Extent 320 p. ;
Dimensions 24 cm.
541 ## - IMMEDIATE SOURCE OF ACQUISITION NOTE
-- 1
562 ## - COPY AND VERSION IDENTIFICATION NOTE
Number of copies 1
650 #0 - SUBJECT ADDED ENTRY--TOPICAL TERM
Topical term or geographic name as entry element Life on other planets
Form subdivision Fiction.
9 (RLIN) 17967
650 #0 - SUBJECT ADDED ENTRY--TOPICAL TERM
Topical term or geographic name as entry element Assassins
Form subdivision Fiction.
9 (RLIN) 17968
655 #7 - INDEX TERM--GENRE/FORM
Genre/form data or focus term Science fiction.
Source of term gsafd
9 (RLIN) 1889
856 42 - ELECTRONIC LOCATION AND ACCESS
Materials specified Contributor biographical information
Uniform Resource Identifier <a href="http://www.loc.gov/catdir/enhancements/fy0619/2004062899-b.html">http://www.loc.gov/catdir/enhancements/fy0619/2004062899-b.html</a>
856 42 - ELECTRONIC LOCATION AND ACCESS
Materials specified Publisher description
Uniform Resource Identifier <a href="http://www.loc.gov/catdir/enhancements/fy0619/2004062899-d.html">http://www.loc.gov/catdir/enhancements/fy0619/2004062899-d.html</a>
856 41 - ELECTRONIC LOCATION AND ACCESS
Materials specified Sample text
Uniform Resource Identifier <a href="http://www.loc.gov/catdir/enhancements/fy1110/2004062899-s.html">http://www.loc.gov/catdir/enhancements/fy1110/2004062899-s.html</a>
906 ## - LOCAL DATA ELEMENT F, LDF (RLIN)
a 7
b cbc
c orignew
d 1
e ocip
f 20
g y-gencatlg
942 ## - ADDED ENTRY ELEMENTS (KOHA)
Source of classification or shelving scheme Library of Congress Classification
Koha item type
Holdings
Withdrawn status Lost status Source of classification or shelving scheme Damaged status Home library Current library Shelving location Date acquired Total Checkouts Full call number Barcode Date last seen Copy number Price effective from Koha item type
    Library of Congress Classification   Luxembourg Library Luxembourg Library Fiction Section 09/11/2013   PR 6101.S54 .As825 2006 17034 09/11/2013 1 09/11/2013 Books

Cowl /

APA

Asher N. L., . (2006). Cowl. New York: TOR.

Chicago

Asher Neal L, . 2006. Cowl. New York: TOR.

Harvard

Asher N. L., . (2006). Cowl. New York: TOR.

MLA

Asher Neal L, . Cowl. New York: TOR. 2006.

  • Place hold
  • Print
  • Cite
  • Add to your cart (remove)
  • Save record
    BIBTEX Dublin Core MARCXML MARC (non-Unicode/MARC-8) MARC (Unicode/UTF-8) MARC (Unicode/UTF-8, Standard) MODS (XML) RIS
  • More searches
    Search for this title in:
    Other Libraries (WorldCat) Other Databases (Google Scholar) Online Stores (Bookfinder.com) Open Library (openlibrary.org)

Exporting to Dublin Core...

SOUTHVILLE LIBRARY

Southville International School and Colleges Library

1281 Tropical Ave. Cor. Luxembourg St., BF Homes International, Las Pinas City

Tel. No. 8256374 / 252358 Loc. 117/146

Powered by Koha